000 01165nam a2200313Ia 4500
003 OSt
005 20221007125400.0
006 a|||||r|||| 00| 0
007 ta
008 221006b |||||||| |||| 00| 0 eng d
020 _a1402004729 (pbk)
_cEuro 55.00
024 _a9962
037 _bDhanraj,
_cTextual
040 _aCDL
_cCDL
_beng
041 _2eng
_aeng
082 _aE:3,D, P1
100 _aBrown Michael E
_9620384
245 0 _aIntroduction to thermal analysis: techniques and applications by Michael E Brown
250 _aEd 2
260 _aDordrecht
_bKluwer Academic Publishers
_c2001
300 _axi, 264p
_ccm.
490 _aHot topics in thermal analysis and calorimetry; 1
500 _aIncludes bibliographical references; Appendix A-C, 231-254p; Index 255-264p; ^n23/CSL/CARC/2002-2003/338^d2002-09-18^mPurchase; ; 2002-03/308^b2002-10-24^c080^d2002-10-16^eRs.3,054.63^fDhanraj Book House; ; 2003-01-22^bSB^c2003-11-20^dVinay
650 _a Analytical
_9712745
650 _a Thermal analysis
650 _aChemistry
942 _hE:3,D, P1
_cTEXL
_2CC
999 _c1215181
_d1215181